00573nam a22001577i 4500003000900000008004100009020002200050040007100072082001800143100006100161245008000222260005400302300003100356505000900387650001900396AR-CdUCM260401b20232023 pe|a||| |||| 00| 0 spa d a978-612-00-9161-6 aMUNICIPALIDAD PROVINCIAL DEL CUSCOcBIBLIOTECA MUNICIPAL DEL CUSCO aPI / 863bB76 aBotteri Lenquernaqué, Magda Felicia - "La Tía Botas" aAlejo y los cangrejos solidarios :bCuentos con valores de la Tía Botas / aSantiago de Surco Lima-PerúbAutor-Editorc2023 a40 páginas. :c21x21 cm. a  aLa Tía Botas